|
|
|
|
| LEADER |
00000nam0a2200000 4500 |
| 001 |
191365 |
| 005 |
20231101224340.0 |
| 010 |
|
|
|a 9785991200752
|
| 035 |
|
|
|a (RuTPU)RU\TPU\book\208657
|
| 090 |
|
|
|a 191365
|
| 100 |
|
|
|a 20110204d2009 m y0rusy50 ca
|
| 101 |
0 |
|
|a rus
|
| 102 |
|
|
|a RU
|
| 105 |
|
|
|a a j 001zy
|
| 200 |
1 |
|
|a Химическая кинетика: введение с Mathcad/Maple/MCS
|f В. И. Коробов, В. Ф. Очков
|
| 210 |
|
|
|a Москва
|c Горячая линия-Телеком
|d 2009
|
| 215 |
|
|
|a 384 с.
|c ил.
|
| 320 |
|
|
|a Предм. указ.: с. 375-376.
|
| 320 |
|
|
|a Список рекомендованной литературы: с. 377-381.
|
| 330 |
|
|
|a Изложены основные вопросы формальной кинетики как одного из разделов учения о скоростях химических реакций. В отличие от традиционного подхода материал рассматривается с позиций реализации расчетов с помощью современных систем компьютерной математики Mathcad, Maple. Приведены способы компьютерного решения прямых и обратных кинетических задач. Рассмотрены вопросы эффективного использования интерфейса пакета Mathcad, а также организации сетевых расчетов на Mathcad Calculation Server. Для специалистов, научных сотрудников, аспирантов, преподавателей, использующим в своей работе математические пакеты, может быть использована в качестве учебного пособия для вузов.
|
| 606 |
1 |
|
|a Химическая кинетика
|2 stltpush
|3 (RuTPU)RU\TPU\subj\68947
|9 84004
|
| 610 |
1 |
|
|a MathCAD
|
| 610 |
1 |
|
|a Maple
|
| 610 |
1 |
|
|a химические реакции
|
| 610 |
1 |
|
|a формально-кинетическое описание
|
| 610 |
1 |
|
|a прямая задача
|
| 610 |
1 |
|
|a аналитическое решение
|
| 610 |
1 |
|
|a численное решение
|
| 610 |
1 |
|
|a обратная задача
|
| 610 |
1 |
|
|a электрохимическая кинетика
|
| 610 |
1 |
|
|a инструментальные средства
|
| 610 |
1 |
|
|a компьютерные технологии
|
| 675 |
|
|
|a 544.42
|v 3
|
| 700 |
|
1 |
|a Коробов
|b В. И.
|g Виктор Иванович
|
| 701 |
|
1 |
|a Очков
|b В. Ф.
|g Валерий Федорович
|
| 801 |
|
1 |
|a RU
|b 63413507
|c 20110204
|
| 801 |
|
2 |
|a RU
|b 63413507
|c 20151029
|g RCR
|
| 900 |
|
|
|a Химическая кинетика
|
| 900 |
|
|
|a Компьютерные технологии в химии
|
| 942 |
|
|
|c BK
|
| 959 |
|
|
|a 44/20110427
|d 2
|e 275,00
|f ЧЗТЛ:1
|f АНЛ:1
|